000 00248nam a2200097Ia 4500
005 20251222114341.0
008 251222s1900||||xx |||||||||||||| ||spa||
082 _aDVD0122/G25/2001
245 0 _aCaetano Veloso: un caballero de fina estampa:
942 _cDVD
999 _c872
_d872